La cumbre de Río '92 : ¿fraude o esperanza?.

Guardado en:
Formato: Deslizar
Series:Sos Vida
Materias:
Etiquetas: Agregar Etiqueta
Sin Etiquetas, Sea el primero en etiquetar este registro!
LEADER 00783ngm a22002415g 4500
001 CEM.cems021375
008 130507b1992##################0###0#####d
005 20240819190717.0
245 0 0 |a La cumbre de Río '92 :  |b ¿fraude o esperanza?. 
300 |a 30 
490 0 |a Sos Vida 
500 |a En soporte VHS, consultar en ventanilla. 
505 0 |a Temas tratados en la Cumbre Río '92. Reflexiones y conclusio 
538 |a Soporte: VHS - Norma: Pal N - Color - Grabación Drd 1992 - Hitachi: 2795 
082 5 7 |. 5/ROT 
653 |a ECOLOGIA 
653 |a MEDIO AMBIENTE 
653 |a RIO '92 
653 |a CONTAMINACION 
653 |a S.O.S. VIDA 
653 |a NIVEL PRIMARIO 
653 |a NIVEL SECUNDARIO 
859 |a CEMS  |b BIB. CEMS - Depto. Recursos Didacticos  |h 574.5  |i ROT  |k DRD  |p 18.12  |t Ej.1